| 000 | 01079nam a2200397 i 4500 | ||
|---|---|---|---|
| 001 | 000043775 | ||
| 003 | DO-SdBNP | ||
| 005 | 20250828144332.0 | ||
| 007 | ta | ||
| 008 | 250828s1995 dr a r 000 0 spa d | ||
| 020 | _a8449925487 | ||
| 040 |
_aDO-SdBNP _bspa _cBNPHU _erda |
||
| 041 | _asp | ||
| 082 | 4 |
_a306 _bC334h, 1998 _222 |
|
| 100 |
_aCasado M., Lucio _eautor _936878 |
||
| 245 | 0 | 0 |
_aHombre y sociedad : _btexto de educación social / _cLucio Casado M. |
| 250 | _aOnceava edición | ||
| 260 | _c2000. | ||
| 264 |
_aSanto Domingo : _bCENAPEC, _c1995 |
||
| 300 |
_a330 páginas : _bilustraciones; _c22 cm. |
||
| 336 |
_ardacontent _btexto _2txt |
||
| 337 |
_ardamedia _bsin mediación _2n |
||
| 338 |
_ardacarrier _bvolumen _2nc |
||
| 504 | _aBibliografía : páginas 323-324 | ||
| 590 | _aInventariado, 2025/DG | ||
| 650 | 4 |
_aCambio social _91661 |
|
| 650 | 4 |
_aClases sociales _91062 |
|
| 650 | 4 |
_aSociología _91061 |
|
| 650 | _953721 | ||
| 650 | _91062 | ||
| 650 | _92424 | ||
| 700 | _942643 | ||
| 700 | _97018 | ||
| 910 | _aDG | ||
| 942 |
_2ddc _cLBS1 |
||
| 999 |
_c59846 _d59846 |
||